|
|
|
|
| LEADER |
00000nam a2200000 a 4500 |
| 001 |
vtls010278769 |
| 003 |
SK-MaSNL |
| 005 |
20260301031748.0 |
| 008 |
240314s2010 xo o g 000 d slo |
| 015 |
|
|
|a SNBA2011/07-03985
|
| 020 |
|
|
|a 9788089369201
|q (viaz.)
|
| 035 |
|
|
|a urn:nbn:sk:snk-am00a27a
|
| 035 |
|
|
|a urn:nbn:sk:snk-am3hdrt
|
| 035 |
|
|
|a C5F89B94-5A05-4DB7-B8E3-929A3FA364F1
|
| 040 |
|
|
|a SNK
|b slo
|c SNK
|e AACR2
|
| 041 |
0 |
|
|a slo
|
| 044 |
|
|
|a xo
|c SK
|
| 072 |
|
7 |
|a 821.162.4-2
|x Slovenská dráma
|2 konspekt
|
| 080 |
|
|
|a 821.162.4-2
|2 2001
|
| 080 |
|
|
|a (082.21)
|2 2001
|
| 100 |
1 |
|
|a Stodola, Ivan,
|d 1888-1977
|4 aut
|9 85500
|
| 245 |
1 |
0 |
|a Súborné dramatické dielo
|n III. zväzok
|c Ivan Stodola ; [editor a autor záverečnej štúdie Niekoľko pohľadov na neznámeho Stodolu Július Pašteka ; fotografie Jaroslav Barák ... [et al.]]
|
| 250 |
|
|
|a 1. vyd.
|
| 260 |
|
|
|a Bratislava
|b Divadelný ústav
|c 2010
|
| 300 |
|
|
|a 1063 s.
|b fotogr.
|c 24 cm
|
| 490 |
1 |
|
|a Slovenská dráma
|
| 504 |
|
|
|a Súpis inscenácií hier Ivana Stodolu
|
| 600 |
1 |
7 |
|a Stodola, Ivan,
|d 1888-1977
|2 SNKMA
|9 85500
|
| 650 |
0 |
7 |
|a spomienky
|2 SNKPH
|9 55795
|
| 655 |
|
7 |
|a slovenské drámy
|2 SNKPH
|9 70606
|
| 655 |
|
7 |
|a Slovak drama
|2 SNKPHeng
|9 278335
|
| 655 |
|
7 |
|a výbery
|2 SNKPH
|9 67620
|
| 655 |
|
7 |
|a Selected works
|2 SNKPHeng
|9 292717
|
| 655 |
|
7 |
|a rozhovory
|2 SNKPH
|9 31831
|
| 655 |
|
7 |
|a fejtóny
|2 SNKPH
|9 70653
|
| 700 |
1 |
|
|a Pašteka, Július,
|d 1924-2019
|4 edt
|4 aft
|9 85848
|
| 700 |
1 |
|
|a Barák, Jaroslav,
|d 1926-2016
|4 pht
|9 199543
|
| 740 |
0 |
2 |
|a Jožko Púčik a jeho kariéra
|
| 740 |
0 |
2 |
|a Bačova žena
|
| 740 |
0 |
2 |
|a Čaj u pána senátora
|
| 740 |
0 |
2 |
|a Náš pán minister
|
| 740 |
0 |
2 |
|a Cigánča
|
| 740 |
0 |
2 |
|a Kráľ Svätopluk
|
| 740 |
0 |
2 |
|a Keď jubilant plače
|
| 740 |
0 |
2 |
|a Komédia
|
| 740 |
0 |
2 |
|a Jej prvý ples
|
| 740 |
0 |
2 |
|a Bankinghouse Khuvich and Comp.
|
| 740 |
0 |
2 |
|a Belasý encián
|
| 740 |
0 |
2 |
|a V našej tichej horárni...
|
| 740 |
0 |
2 |
|a Zahučali hory
|
| 830 |
|
0 |
|a Slovenská dráma
|9 327816
|
| 852 |
|
|
|a Štátna vedecká knižnica v Banskej Bystrici
|
| 852 |
|
|
|a Akadémia umení v Banskej Bystrici
|
| 919 |
|
|
|a 978-80-89369-20-1
|
| 958 |
|
|
|a LX
|
| 968 |
|
|
|d 821
|
| 999 |
|
|
|c 577270
|d 579200
|
| 952 |
|
|
|a SNK
|b SNK
|y PREZ
|7 0
|p 17A0702743
|o snkSC 122793/3
|i snk2011/11212
|8 0
|0 0
|1 0
|4 0
|d 2011-05-16
|f 1
|l 0
|r 2025-06-03 00:00:00
|w 2026-02-23
|
| 952 |
|
|
|a SNK
|b SNK
|y VYP
|7 0
|p 17A0702742
|o snkSC 122793/3 D1
|i snk2011/11213
|8 0
|0 0
|1 0
|4 0
|d 2011-05-16
|l 0
|r 2026-02-23 14:37:47
|w 2026-02-23
|
| 952 |
|
|
|a SNKLM
|b SNKLM
|y NEVYP
|7 0
|o snklmDK 6420 SNKLM
|i snklm2013/41
|8 3
|g 19.00
|0 0
|1 0
|4 0
|d 2014-01-27
|l 0
|r 2026-02-23 14:37:47
|w 2026-02-23
|
| 952 |
|
|
|a SNKLM
|b SNKLM
|y NEVYP
|7 0
|o snklmDK 7051 SNKLM
|i snklm2014/232
|8 3
|g 19.00
|0 0
|1 0
|4 0
|d 2015-01-22
|l 0
|r 2026-02-23 14:37:47
|w 2026-02-23
|